Normal view MARC view
  • Umeed,Talha Bin

Entry Personal Name

Number of records used in: 1

001 - CONTROL NUMBER

  • control field: 26416

003 - CONTROL NUMBER IDENTIFIER

  • control field: NUST

005 - DATE AND TIME OF LATEST TRANSACTION

  • control field: 20191203111411.0

008 - FIXED-LENGTH DATA ELEMENTS

  • fixed length control field: 191203|| aca||aabn | a|a d

040 ## - CATALOGING SOURCE

  • Original cataloging agency: NUST
  • Transcribing agency: NUST

100 ## - HEADING--PERSONAL NAME

  • Personal name: Umeed,Talha Bin

670 ## - SOURCE DATA FOUND

  • Source citation: Work cat.: (NUST): Umeed,Talha Bin, Impact of novel quorum quenching strains in controlling membrane biofouling in membrane bioreactor., 2019
© 2023 Central Library, National University of Sciences and Technology. All Rights Reserved.